| 000 | 00529pam a2200205 a 4500 | ||
|---|---|---|---|
| 020 | _c797.00 | ||
| 040 | _aMedical College Lib. | ||
| 041 |
_aENG _hENG |
||
| 082 |
_a617.7 _bRYA |
||
| 100 | _aRyan, Stephen J.. | ||
| 245 |
_aRetina Vol - 2 Medical Retina / _c _hTextual Documents |
||
| 250 |
_a3rd / _b. |
||
| 260 |
_a : _bMosby , _c2001. |
||
| 300 |
_a578 : _b11 ; _c . |
||
| 365 | _a797.00 | ||
| 653 |
_aOphthamology _aMedical Science |
||
| 930 | _a6462 | ||
| 999 |
_c6461 _d6461 |
||